History of the Pollution in Tomsk Region (Siberia, Russia) According to the Study of High-Moor Peat Formations; International Journal of Geosciences; Vol. 2, iss. 4

Dades bibliogràfiques
Parent link:International Journal of Geosciences: open access journal.— , 2010-
Vol. 2, iss. 4.— 2011.— Р. 493-501
Altres autors: Mezhibor A. M. Antonina Mikhailovna, Arbuzov S. I. Sergei Iwanowitsch, Rikhvanov L. P. Leonid Petrovich, Gauthier-Lafaye F. Francois
Sumari:Title screen
A method that could be used to detect the change of the environment was used to determine the input of trace elements from the atmospheric fallouts into the biosphere near Tomsk city (West Siberia, Russia) during the last century. In this study we used high-moor peat formations because of the wide-spread occurrence of bogs in this region. Investigations of the raised peat bogs in areas with different degree of anthropogenic impact showed that the distribution of trace elements in the upper parts of peat deposits depends on the location of bogs towards industrial sources. The highest concentrations of Ca, Fe, Cr, Co, Sc, Hf and rare earth elements were found in the upper part of the bog located near the city Tomsk. Distribution of trace elements in the vertical profiles of raised peat deposits near cities Tomsk and Seversk reflects the industrial specialization of these cities and the dynamic of the atmosphere pollution. Studies of radioactive elements (137Cs, 238Pu, 239Pu) have indicated their inputs from global fallouts.
Idioma:anglès
Publicat: 2011
Matèries:
Accés en línia:http://dx.doi.org/10.4236/ijg.2011.24052
Format: MixedMaterials Electrònic Capítol de llibre
KOHA link:https://koha.lib.tpu.ru/cgi-bin/koha/opac-detail.pl?biblionumber=642765

MARC

LEADER 00000nla0a2200000 4500
001 642765
005 20250210140634.0
035 |a (RuTPU)RU\TPU\network\7725 
035 |a RU\TPU\network\7695 
090 |a 642765 
100 |a 20150710d2011 k||y0rusy50 ba 
101 0 |a eng 
102 |a US 
135 |a drnn ---uucaa 
181 0 |a i  
182 0 |a b 
200 1 |a History of the Pollution in Tomsk Region (Siberia, Russia) According to the Study of High-Moor Peat Formations  |f A. M. Mezhibor [et al.] 
203 |a Text  |c electronic 
300 |a Title screen 
320 |a [References: p. 500-501 (28 tit.)] 
330 |a A method that could be used to detect the change of the environment was used to determine the input of trace elements from the atmospheric fallouts into the biosphere near Tomsk city (West Siberia, Russia) during the last century. In this study we used high-moor peat formations because of the wide-spread occurrence of bogs in this region. Investigations of the raised peat bogs in areas with different degree of anthropogenic impact showed that the distribution of trace elements in the upper parts of peat deposits depends on the location of bogs towards industrial sources. The highest concentrations of Ca, Fe, Cr, Co, Sc, Hf and rare earth elements were found in the upper part of the bog located near the city Tomsk. Distribution of trace elements in the vertical profiles of raised peat deposits near cities Tomsk and Seversk reflects the industrial specialization of these cities and the dynamic of the atmosphere pollution. Studies of radioactive elements (137Cs, 238Pu, 239Pu) have indicated their inputs from global fallouts. 
461 |t International Journal of Geosciences  |o open access journal  |d 2010- 
463 |t Vol. 2, iss. 4  |v Р. 493-501   |d 2011 
610 1 |a электронный ресурс 
610 1 |a труды учёных ТПУ 
610 1 |a atmosphere pollution 
610 1 |a high-moor peat 
610 1 |a trace elements in peat 
701 1 |a Mezhibor  |b A. M.  |c geoecology, specialist in the field of environmental Geochemistry  |c associate Professor of Tomsk Polytechnic University  |f 1982-  |g Antonina Mikhailovna  |3 (RuTPU)RU\TPU\pers\32563  |9 16484 
701 1 |a Arbuzov  |b S. I.  |c Deutsch Geologe und Geochemiker  |c Professor der Polytechnischen Universität Tomsk, Doktor der geologisch-mineralogischen Wissenschafte  |f 1959-  |g Sergei Iwanowitsch  |3 (RuTPU)RU\TPU\pers\31006  |9 15236 
701 1 |a Rikhvanov  |b L. P.  |c Professor of Tomsk Polytechnic University  |c Doctor of geological- mineralogical sciences  |c Honored geologist of Russia  |c Honored Worker of higher professional education of the Russian Federation  |f 1945-  |g Leonid Petrovich  |3 (RuTPU)RU\TPU\pers\25922 
701 1 |a Gauthier-Lafaye  |b F.  |g Francois 
801 2 |a RU  |b 63413507  |c 20150908  |g RCR 
856 4 |u http://dx.doi.org/10.4236/ijg.2011.24052 
942 |c CF